| 000 | 00864pam a2200169 a 4500 | ||
|---|---|---|---|
| 999 |
_c8390 _d8390 |
||
| 020 | _a0669194581 (alk. paper) | ||
| 050 | 0 | 0 |
_aKF3424 _b.Za1 |
| 100 | 1 | _aZack, Arnold. | |
| 245 | 1 | 0 |
_aGrievance arbitration : _bissues on the merits in discipline, discharge, and contract interpretation / _cArnold M. Zack. |
| 260 |
_aNew York, N.Y. : _bAmerican Arbitration Association ; _aLexington, Mass. : _bLexington Books, _cc1989. |
||
| 300 |
_axiv, 291 p. ; _c25 cm. |
||
| 440 | 0 | _aEmerging issues in employee relations | |
| 500 | _aIncludes index. | ||
| 505 | _a1. Management Right 2. Union Activities 3. Discipline and Discharge 4. Wages and Classifications 5. Leaves and Other Benefits 6. Hours and Schedules 7. Holiday and Vacation 8. Layoff 9. Seniority 10. Promotion 11. Through the Grievance to Arbitration | ||
| 650 | 0 | _aGrievance arbitration | |
| 942 | _cBK | ||